Spelling words and Skills / (Record no. 8846)
[ view plain ]
| 000 -LEADER | |
|---|---|
| fixed length control field | 00779nam a2200265 a 4500 |
| 001 - CONTROL NUMBER | |
| JCCL Control Number | 8846 |
| 003 - CONTROL NUMBER IDENTIFIER | |
| JCCL marc code | Bd-JhCC |
| 005 - DATE AND TIME OF LATEST TRANSACTION | |
| control field | 20180529142819.0 |
| 008 - FIXED-LENGTH DATA ELEMENTS--GENERAL INFORMATION | |
| fixed length control field | 180304m1981 u a 000 0 eng d |
| 020 ## - INTERNATIONAL STANDARD BOOK NUMBER | |
| International Standard Book Number | 1869981510 (bk.1) |
| 020 ## - INTERNATIONAL STANDARD BOOK NUMBER | |
| International Standard Book Number | 1869981731 (bk.2) |
| 035 ## - SYSTEM CONTROL NUMBER | |
| system control number | (Bd-JhCC)8846 |
| 040 ## - CATALOGING SOURCE | |
| Original cataloging agency | BD-JhCC |
| Modifying agency | BD-JhCC |
| 041 ## - LANGUAGE CODE | |
| Language code of Book | eng |
| 082 ## - DEWEY DECIMAL CLASSIFICATION NUMBER | |
| Classification number | 425 |
| DDC Edition number | 20 |
| Author mark and Year | SPE 1981 |
| 245 10 - TITLE STATEMENT | |
| Title | Spelling words and Skills / |
| Statement of responsibility, etc | Linda Ward Beech...[et all.] |
| 260 ## - PUBLICATION, DISTRIBUTION, ETC. (IMPRINT) | |
| Place of publication, distribution, etc | New York : |
| Name of publisher, distributor, etc | Scott Foresman and Company, |
| Date of publication, distribution, etc | 1981. |
| 300 ## - PHYSICAL DESCRIPTION | |
| Pagination | 192 p. ; |
| Dimensions | 26 cm. |
| Other physical details | ill. ; |
| 500 ## - GENERAL NOTE | |
| General note | Title from cover. |
| 650 #0 - SUBJECT ADDED ENTRY--TOPICAL TERM | |
| Topical term or geographic name as entry element | Spelling |
| General subdivision | Orthography and spelling |
| -- | Study and teaching (Elementary) |
| 650 #0 - SUBJECT ADDED ENTRY--TOPICAL TERM | |
| Topical term or geographic name as entry element | English language |
| General subdivision | Phonetics. |
| 700 ## - ADDED ENTRY--PERSONAL NAME | |
| Personal name | Beech, Linda Ward |
| 942 ## - ADDED ENTRY ELEMENTS (KOHA) | |
| Source of classification or shelving scheme | Dewey Decimal Classification |
| Koha item type | Books |
| Source of classification or shelving scheme | Damaged status | Not for loan | Home library | Current library | Shelving location | Source of acquisition | Total Checkouts | Full call number | Barcode | Date last seen | Copy number | Koha item type |
|---|---|---|---|---|---|---|---|---|---|---|---|---|
| Dewey Decimal Classification | JCC Rouf Library | JCC Rouf Library | General Stacks | Asia Foundation | 425S SPE 1981 | 9936 | 03/04/2018 | C - 1 | Books |